00259nam a22000977a 4500008004100000020001900041100001800060245005000078260002500128300000800153251013b |||||||| |||| 00| 0 eng d a0-87692-402-10 aM. P. Groover aCAD/CAM Computer Aided Design & Manufacturing aNew DelhibPHIc1991 a489